MarketingWeek
Αποθηκεύτηκε σε:
| Μορφή: | Περιοδική έκδοση |
|---|---|
| Γλώσσα: | Greek |
| Δημοσίευση: |
Αθήνα :
Μπούσιας,
[19--]-
|
| Θέματα: | |
| Ετικέτες: |
Προσθήκη ετικέτας
Δεν υπάρχουν, Καταχωρήστε ετικέτα πρώτοι!
|
MARC
| LEADER | 00000nas a2200000 i 4500 | ||
|---|---|---|---|
| 001 | 1/9547 | ||
| 008 | 100719c199 9999gr gre | ||
| 035 | |l 10108677 | ||
| 040 | |a GR-MY-UA |b gre |e aacr | ||
| 041 | 0 | |a gre | |
| 082 | 0 | |a 658.8 | |
| 245 | 1 | 0 | |a MarketingWeek |h [περιοδικό] |
| 246 | 3 | 3 | |a Marketing week |
| 260 | |a Αθήνα : |b Μπούσιας, |c [19--]- | ||
| 300 | |a τ. : |b εικ. ; |c 29 εκ. | ||
| 310 | |a Εβδομαδιαίο | ||
| 650 | 0 | 0 | |a Marketing |x Management. |
| 853 | |a INST |b CHIOS |c SER |h 658.8 | ||
| 901 | |a BIBL2-2010-2 | ||
| 922 | |a 2ΕΛΗ |b 200901 |c ΚΕΝΤΡΙΚΗ ΒΙΒΛΙΟΘΗΚΗ |d ΧΑΡΤΣΙΑΣ | ||